| 000 | 00000nam##2200000za#4500 |
| 001 | 9.574167 |
| 003 | CaOODSP |
| 005 | 20210624184042 |
| 007 | cr ||||||||||| |
| 008 | 150406|2005||||xxc|||||o f|0| 0 eng|d |
| 022 | |a1488-5379 |
| 040 | |aCaOODSP|beng |
| 043 | |an-cn--- |
| 086 | 1 |aFs97-6/2575E-PDF |
| 110 | 1 |aCanada. |bDepartment of Fisheries and Oceans. |
| 245 | 10|aDFO climate variability and change impacts and adaptations research for Canada's marine and freshwater fisheries : |h[electronic resource]|bproceedings of a workshop held in Halifax, April 30-May 2, 2000, and the results of a background review of activities and needs / |cby C.K. Minns and R. Wilson, editors. |
| 260 | |aBurlington - Ontario : |bFisheries and Oceans Canada |cMarch 2005. |
| 300 | |a95p.|bfig., tables |
| 490 | 1 |aCanadian technical report of fisheries and aquatic sciences|x1488-5379|vNo. 2575 |
| 500 | |aIncorrect catalogue number (FS97-6/2575) and the ISSN (0706-6457) for the print edition have been copied in this electronic publication. |
| 546 | |a(Résumé en français) |
| 590 | |a12-23-Supp|b2012-05-28 |
| 720 | 1 |aWilson, R. |
| 720 | 1 |aMinns, C. K. |
| 776 | 0#|tDFO climate variability and change impacts and adaptations research for Canada's marine and freshwater fisheries : |w(CaOODSP)9.617407 |
| 830 | #0|aCanadian technical report of fisheries and aquatic sciences,|x1488-5379|vNo. 2575|w(CaOODSP)9.504449 |
| 856 | 40|ahttp://publications.gc.ca|qPDF|s525 KB|uhttps://publications.gc.ca/collections/collection_2012/mpo-dfo/Fs97-6-2575-eng.pdf|yNo. 2575 |